000 00709nam a22001937a 4500
005 20180703133021.0
008 080625t xxu||||| |||| 00| 0 hind
010 _aHIN-46112
020 _c200.00
035 _aHN-27379, A-988918
037 _bDBAD
040 _adpl
_bHN
082 _a921 / वाजपे
100 _aरस्तोगी,आलोक कुमार
245 _aजननेता अटलबिहारी वाजपेयी /
_cआलोक कुमार रस्तोगी
260 _aदिल्ली
_b आधुनिक प्रकाशन
_c1999
300 _a232पृ.
_c23सेमी.
942 _cHN
_2ddc
_h921
_mवाजपे
999 _c14001
_d14001